|
|
|
|
| LEADER |
00000cam a22000004a 4500 |
| 001 |
musev2_58280 |
| 003 |
MdBmJHUP |
| 005 |
20230905045959.0 |
| 006 |
m o d |
| 007 |
cr||||||||nn|n |
| 008 |
180331s1977 ncu o 00 0 eng d |
| 020 |
|
|
|a 9781469642970
|
| 020 |
|
|
|z 9780807891858
|
| 035 |
|
|
|a (OCoLC)1080550757
|
| 040 |
|
|
|a MdBmJHUP
|c MdBmJHUP
|
| 041 |
1 |
|
|a eng
|h fro
|
| 100 |
1 |
|
|a Jones, Lowanne E.,
|d 1943-
|
| 245 |
1 |
4 |
|a The Cort d'Amor :
|b A Thirteenth-Century Allegorical Art of Love /
|c by Lowanne E. Jones.
|
| 264 |
|
1 |
|a Chapel Hill :
|b U.N.C. Dept. of Romance languages,
|c 1977.
|
| 264 |
|
3 |
|a Baltimore, Md. :
|b Project MUSE,
|c 2019
|
| 264 |
|
4 |
|c ©1977.
|
| 300 |
|
|
|a 1 online resource (228 pages).
|
| 336 |
|
|
|a text
|b txt
|2 rdacontent
|
| 337 |
|
|
|a computer
|b c
|2 rdamedia
|
| 338 |
|
|
|a online resource
|b cr
|2 rdacarrier
|
| 490 |
0 |
|
|a North Carolina studies in the Romance languages and literatures ;
|v no. 185
|
| 500 |
|
|
|a Text, in Old French, from M. 819 in the Pierpont Morgan Library; accompanied by English translation.
|
| 588 |
|
|
|a Description based on print version record.
|
| 650 |
|
7 |
|a Didactic literature, French.
|2 fast
|0 (OCoLC)fst00892955
|
| 650 |
|
7 |
|a Courtly love.
|2 fast
|0 (OCoLC)fst00881740
|
| 650 |
|
7 |
|a Allegory.
|2 fast
|0 (OCoLC)fst00805516
|
| 650 |
|
7 |
|a POETRY
|x Continental European.
|2 bisacsh
|
| 650 |
|
6 |
|a Allegorie.
|
| 650 |
|
6 |
|a Amour courtois
|v Ouvrages avant 1800.
|
| 650 |
|
6 |
|a Litterature didactique française.
|
| 650 |
|
0 |
|a Allegory.
|
| 650 |
|
0 |
|a Courtly love
|v Early works to 1800.
|
| 650 |
|
0 |
|a Didactic literature, French.
|
| 655 |
|
7 |
|a Early works.
|2 fast
|0 (OCoLC)fst01411636
|
| 655 |
|
7 |
|a Electronic books.
|2 local
|
| 710 |
2 |
|
|a Project Muse.
|e distributor
|
| 830 |
|
0 |
|a Book collections on Project MUSE.
|
| 856 |
4 |
0 |
|z Texto completo
|u https://projectmuse.uam.elogim.com/book/58280/
|
| 945 |
|
|
|a Project MUSE - Custom Collection
|
| 945 |
|
|
|a Project MUSE - Archive Complete Supplement VII
|
| 945 |
|
|
|a Project MUSE - Archive Literature Supplement VII
|